Sài Gòn vang bóng

Đã lưu trong:
書目詳細資料
主要作者: Phan, Thứ Lang
格式: 圖書
語言:Undetermined
出版: Thành phố Hồ Chí Minh Nhà xuất bản Thành phố Hồ Chí Minh 2003
主題:
標簽: 添加標簽
沒有標簽, 成為第一個標記此記錄!
Thư viện lưu trữ: Trung tâm Học liệu Trường Đại học Cần Thơ
LEADER 00593nam a2200205Ia 4500
001 CTU_93683
008 210402s9999 xx 000 0 und d
020 |c 24000 
082 |a 895.9228 
082 |b L600 
100 |a Phan, Thứ Lang 
245 0 |a Sài Gòn vang bóng 
245 0 |c Phan Thứ Lang 
260 |a Thành phố Hồ Chí Minh 
260 |b Nhà xuất bản Thành phố Hồ Chí Minh 
260 |c 2003 
650 |a Vietnamese literature 
650 |y 20th century 
904 |i Trúc 
980 |a Trung tâm Học liệu Trường Đại học Cần Thơ